| 000 | 01069pam a2200289 a 4500 | ||
|---|---|---|---|
| 999 |
_c1377 _d1377 |
||
| 001 | 3089358 | ||
| 003 | OSt | ||
| 005 | 20210627091100.0 | ||
| 008 | 980706s1999 mauab b 001 0 eng | ||
| 010 | _a 98035487 | ||
| 020 | _a0073034339 (acidfree paper) | ||
| 040 |
_aDLC _cDLC _dDLC |
||
| 050 | 0 | 0 |
_aHF5718 _b.A33 1999 |
| 082 | 0 | 0 |
_a658.4/5 _221 |
| 100 | 1 |
_aAdler, Ronald B. _q(Ronald Brian), _d1946- |
|
| 245 | 1 | 0 |
_aCommunicating at work : _bprinciples and practices for business and the professions / _cRonald B. Adler, Jeanne Marquardt Elmhorst. |
| 250 | _a6th ed. | ||
| 260 |
_aBoston : _bMcGraw Hill College, _cc1999. |
||
| 300 |
_axiii, 498 p. : _bill. (some col.), map ; _c23 cm. |
||
| 504 | _aIncludes bibliographical references (p. 469-482) and index. | ||
| 650 | 0 | _aBusiness communication. | |
| 650 | 0 | _aInterpersonal communication. | |
| 700 | 1 | _aElmhorst, Jeanne Marquardt. | |
| 906 |
_a7 _bcbc _corignew _d1 _eocip _f19 _gy-gencatlg |
||
| 942 |
_2lcc _cBK _nMM |
||